Los Angeles Galaxy Squad 2025 - Statistics

General Stats
  • This quiz has been taken 3 times
    2 since last reset
  • The average score is 10 of 28
Answer Stats
# Position Nation Player % Correct
4 DF Japan Maya Yoshida
100%
6 MF United States Edwin Cerrillo
50%
22 MF United States Elijah Wynder
50%
11 FW Brazil Gabriel Pec
50%
- Coach United States Greg Vanney
50%
26 DF United States Harbor Miller
50%
14 DF United States John Nelson
50%
28 FW Ghana Joseph Paintsil
50%
12 GK United States JT Marcinkowski
50%
3 DF Argentina Julián Aude
50%
8 MF Uruguay Lucas Sanabria
50%
18 MF Germany Marco Reus
50%
9 FW Brazil Matheus Nascimento
50%
19 DF United States Mauricio Cuevas
50%
2 DF Japan Miki Yamane
50%
1 GK Serbia Novak Mićović
50%
10 MF Spain Riqui Puig
50%
24 MF United States Rubén Ramos
50%
31 GK United States Brady Scott
0%
25 DF Colombia Carlos Garcés
0%
17 FW United States Christian Ramirez
0%
7 FW Uruguay Diego Fagúndez
0%
15 DF El Salvador Eriq Zavaleta
0%
16 MF United States Isaiah Parente
0%
77 GK United States John McCarthy
0%
27 FW Spain Miguel Berry
0%
21 MF United States Tucker Lepley
0%
5 DF Denmark Zanka
0%
No matching quizzes found
Score Distribution
Percent of People with Each Score
Percentile by Number Answered
Your Score History
You have not taken this quiz since the last reset